Spherical trigonometry, (Record no. 543931)
[ view plain ]
| 000 -LEADER | |
|---|---|
| fixed length control field | 00708cam a22001931 4500 |
| 082 00 - DEWEY DECIMAL CLASSIFICATION NUMBER | |
| Classification number | 516.244 |
| Author Mark | KEL |
| -- | L-4 P-10 |
| 100 1# - MAIN ENTRY--PERSONAL NAME | |
| Personal name | Kells, Lyman M. |
| 9 (RLIN) | 39203 |
| 245 10 - TITLE STATEMENT | |
| Title | Spherical trigonometry, |
| Remainder of title | with naval and military applications, |
| Statement of responsibility, etc. | by Lyman M. Kells ... Willis F. Kern ... and James R. Bland ... |
| 250 ## - EDITION STATEMENT | |
| Edition statement | 1st ed. |
| 260 ## - PUBLICATION, DISTRIBUTION, ETC. | |
| Place of publication, distribution, etc. | New York, |
| -- | London, |
| Name of publisher, distributor, etc. | McGraw-Hill book company, inc., |
| Date of publication, distribution, etc. | 1942. |
| 300 ## - PHYSICAL DESCRIPTION | |
| Extent | xiii, 163 p. incl. front., illus., diagrs. |
| Dimensions | 24 cm. |
| 500 ## - GENERAL NOTE | |
| General note | "Answers": p. 153-163. |
| 526 ## - STUDY PROGRAM INFORMATION NOTE | |
| Program name | 0 |
| Interest level | 0 |
| Reading level | 0 |
| Title point value | 516_244000000000000_KEL |
| 650 #0 - SUBJECT ADDED ENTRY--TOPICAL TERM | |
| Topical term or geographic name entry element | MCE |
| 9 (RLIN) | 379 |
| 650 #0 - SUBJECT ADDED ENTRY--TOPICAL TERM | |
| Topical term or geographic name entry element | Spherical trigonometry. |
| 9 (RLIN) | 39434 |
| 700 1# - ADDED ENTRY--PERSONAL NAME | |
| Personal name | Bland, James R., |
| 9 (RLIN) | 39435 |
| 700 1# - ADDED ENTRY--PERSONAL NAME | |
| Personal name | Kern, Willis F. |
| 9 (RLIN) | 39436 |
| 942 ## - ADDED ENTRY ELEMENTS (KOHA) | |
| Source of classification or shelving scheme | |
| Koha item type | Book |
| Withdrawn status | Lost status | Source of classification or shelving scheme | Damaged status | Not for loan | Permanent Location | Current Location | Date acquired | Total Checkouts | Full call number | Barcode | Date last seen | Price effective from | Koha item type |
|---|---|---|---|---|---|---|---|---|---|---|---|---|---|
| Military College of Engineering (MCE) | Military College of Engineering (MCE) | 04/07/2014 | 516.244 KEL | MCE-30677 | 04/07/2014 | 04/07/2014 | Book |
